Reforming the homebuyer and selling process (Record no. 110803)

MARC details
000 -LEADER
fixed length control field 01694cad a22002415a 4500
001 - CONTROL NUMBER
control field L150240
008 - FIXED-LENGTH DATA ELEMENTS--GENERAL INFORMATION
fixed length control field 100616s2010 xxk f 000 0 eng d
020 ## - INTERNATIONAL STANDARD BOOK NUMBER
International Standard Book Number 9781869839963
035 ## - SYSTEM CONTROL NUMBER
System control number (Sirsi) u150240
041 0# - LANGUAGE CODE
Language code of text/sound track or separate title eng
050 04 - LIBRARY OF CONGRESS CALL NUMBER
Classification number 306.1 $2 18
110 2# - MAIN ENTRY--CORPORATE NAME
Corporate name or jurisdiction name as entry element Building Societies Association
9 (RLIN) 1731
245 00 - TITLE STATEMENT
Title Reforming the homebuyer and selling process
Remainder of title Industry and professionals' views on the future direction of home buying reform in England
Medium [electronic resource]
260 ## - PUBLICATION, DISTRIBUTION, ETC.
Place of publication, distribution, etc. London
Name of publisher, distributor, etc. BSA
Date of publication, distribution, etc. 2010
505 2# - FORMATTED CONTENTS NOTE
Formatted contents note Market statistics -- List of attendees -- Explaining the challenges -- Putting consumers first -- Improving the quality of information provision and advice - Strengthening professional standards -- A simplified system that works all -- Empowering consumers -- Recommendations
520 ## - SUMMARY, ETC.
Summary, etc. Representatives from legal and conveyancing sectors, estate agents, chartered surveyors and consumer bodies met to discuss the future of home buying and selling in England. Traces its history focusing on relevant legisation including Estate Agents Act 1979 and HIPs. Highlights issues for consumers. RICS represented by David Dalby Director of Residential Professional Group and David Ellis Associate Director. HIPS withdrawn in May 2010 between the meeting being held in April 2010 and publication in June 2010.
590 ## - LOCAL NOTE (RLIN)
Local note KA NTK
651 #4 - SUBJECT ADDED ENTRY--GEOGRAPHIC NAME
Geographic name England
Chronological subdivision 886-
690 ## - LOCAL SUBJECT ADDED ENTRY--TOPICAL TERM (OCLC, RLIN)
Topical term or geographic name as entry element PROPERTY-RESIDENTIAL PROPERTY-ACQUISITION AND DISPOSAL OF RESIDENTIAL PROPERTY-HOME BUYING REFORM
700 1# - ADDED ENTRY--PERSONAL NAME
Personal name Ghani, Amir
Relator term Editor
856 48 - ELECTRONIC LOCATION AND ACCESS
Uniform Resource Identifier <a href="https://www.bsa.org.uk/bsa/media/migrateddocuments/publications/home_buying_reform/">https://www.bsa.org.uk/bsa/media/migrateddocuments/publications/home_buying_reform/</a>
Public note View this item free of charge at www.bsa.org.uk
942 ## - ADDED ENTRY ELEMENTS (KOHA)
Suppress in OPAC 0
Holdings
Withdrawn status Lost status Source of classification or shelving scheme Damaged status Not for loan Home library Current library Shelving location Date acquired Total Checkouts Full call number Barcode Date last seen Copy number Price effective from Koha item type
    Dewey Decimal Classification     Virtual Virtual Online 16/06/2010   ONLINE PUBLICATION 150240-2001 06/08/2019 1 06/08/2019 Book